[Event "71st MNE-ch 2019"]
[Site "Podgorica"]
[Date "2019.05.20"]
[Round "3.3"]
[White "Kalezic, Blazo"]
[Black "Nikac, Predrag"]
[Result "1-0"]
[WhiteElo "2450"]
[BlackElo "2319"]
[Annotator "TA"]
[PlyCount "85"]
[EventDate "2019.05.18"]
[EventType "swiss"]
[EventRounds "9"]
[EventCountry "MNE"]
[SourceTitle "playchess.com"]
[Source "ChessBase"]
[SourceQuality "1"]

{[%evp 29,85,37,45,35,44,29,36,42,35,39,43,39,112,49,57,38,105,70,158,162,144,147,163,163,140,155,117,117,117,118,123,136,140,148,187,172,29939,12831,29945,29945,29937,29944,29948,29948,29944,29944,29959,29960,29958,29954,29958,29952,29980,29981,29981,29982,29982,29983]} 1. e4 c6 2. Nc3 d5 3. d4 dxe4 4. Nxe4 Bf5 5. Ng3 Bg6 6. Nf3 (6. h4 h6 7. Nf3 Nd7 8. h5 Bh7 9. Bd3 Bxd3 10. Qxd3 e6 11. Bf4 Qa5+ 12. Bd2 Qc7 13. O-O-O Ngf6 14. Ne4 Nxe4 15. Qxe4 Nf6 16. Qe2 O-O-O 17. Kb1 {½-½ (17) Jovanovic,Z (2536)-Stevic,H (2587) Pozega 2018}) 6... e6 7. h4 h6 8. h5 Bh7 9. Bd3 Bxd3 10. Qxd3 Nf6 11. Bd2 Nbd7 12. O-O-O Bd6 13. Ne4 Nxe4 14. Qxe4 Nf6 15. Qe2 Qc7 16. Kb1 {B19: Classical Caro-Kann: 4...Bf5 main line} O-O-O 17. c4 c5 18. Bc3 {White is slightly better.} a6 19. d5 Rhe8 {aiming for ...exd5.} 20. Qc2 b5 $146 (20... Bf8 $14) ({Predecessor:} 20... Kb8 21. Bxf6 gxf6 22. dxe6 Rxe6 23. Rd5 {1-0 (42) Hecht,C (2173)-Meinhardt,M (2127) Solingen 2014}) 21. dxe6 ({White should try} 21. Bxf6 $16 gxf6 22. Qc3) 21... Rxe6 $14 22. Bxf6 gxf6 (22... Rxf6 $14 23. Qh7 Bf8) 23. Rd5 Be5 ({Black should play} 23... Bf8 $14) 24. Rhd1 $16 Red6 25. Nxe5 Rxd5 26. cxd5 fxe5 {[%mdl 4096] Endgame KQR-KQR} 27. Qf5+ Kb8 28. Qf6 Qd6 29. Qxf7 Rf8 30. Qe6 $1 {[%cal Re6d6]} Kc7 31. f3 Qxe6 32. dxe6 Rd8 $2 (32... Kc6 $18) 33. Rxd8 $1 Kxd8 {KP-KP} 34. g4 $1 {[%cal Rg4g5] White mates.} Ke7 {[#]} 35. g5 $1 {[%cal Rg5h6][%mdl 512]} Kxe6 (35... hxg5 36. h6) 36. gxh6 Kf7 37. Kc2 Kg8 38. Kd3 c4+ {[#]} 39. Kc3 $1 {[%cal Rc3b4]} Kh7 {[#]} 40. a4 $1 {[%mdl 512]} Kxh6 (40... bxa4 41. Kxc4) 41. axb5 axb5 42. Kb4 c3 43. bxc3 {Accuracy: White = 87%, Black = 54%.} 1-0

[Event "71st MNE-ch 2019"]
[Site "Podgorica"]
[Date "2019.05.20"]
[Round "3.4"]
[White "Draskovic, Luka"]
[Black "Milovic, Jovan"]
[Result "1-0"]
[WhiteElo "2430"]
[BlackElo "2280"]
[Annotator "TA"]
[PlyCount "53"]
[EventDate "2019.05.18"]
[EventType "swiss"]
[EventRounds "9"]
[EventCountry "MNE"]
[SourceTitle "playchess.com"]
[Source "ChessBase"]
[SourceQuality "1"]

{[%evp 12,53,29,27,81,72,79,64,70,38,83,92,83,83,85,83,91,83,83,83,116,118,127,124,231,170,190,123,126,127,199,192,240,232,237,238,230,241,235,234,232,242,722,697]} 1. e4 d5 2. exd5 Nf6 3. Nf3 Qxd5 4. d4 Bg4 5. Be2 Nc6 6. h3 Bxf3 7. Bxf3 Qd6 {B01: Scandinavian Defence} (7... Qd7 $11) (7... Qe6+ 8. Be3 Nd5 9. Qe2 Nxe3 10. fxe3 Qd7 11. Nd2 e6 12. O-O Be7 13. c3 O-O 14. b4 Rae8 15. Nc4 {½-½ (89) Grischuk,A (2750)-Vachier Lagrave,M (2795) chess.com INT 2017}) 8. c3 $16 e5 {[%cal Re5d4]} 9. O-O O-O-O {[%cal Re5d4] White is slightly better.} 10. Na3 e4 $146 ({Predecessor:} 10... exd4 11. Nb5 Qc5 12. Bxc6 bxc6 13. Nxd4 Nd5 14. Qd3 Kb7 15. Nb3 {½-½ (28) Petr,J (2155)-Keller,D (2159) Czechia 2013}) 11. Be2 Qe6 12. Nc4 $36 {[%mdl 2048] White is really pushing.} Nd5 13. Ne3 Nxe3 14. fxe3 {[#] Black must now prevent Bg4.} g6 15. Qb3 Qd6 {Strongly threatening ...Qg3.} 16. Qxf7 Bh6 17. Qf6 Qd5 (17... Qe7 $16 18. Bg4+ Kb8) 18. Bd2 Kb8 19. Qh4 (19. Rad1 $18) 19... Bg5 20. Qg3 h6 (20... Bh6 $16 {is a better defense.} 21. Qh4 Bg5) 21. b3 $18 Ne7 {[#] Black wants to play ...Nf5.} 22. h4 $1 {[%cal Rh4g5]} Nf5 23. Rxf5 $1 gxf5 24. hxg5 hxg5 25. Qxg5 Rdg8 26. Qf4 {Threatens to win with Bc4.} Rh3 $2 (26... Qd7 27. Kf2 (27. Bc4 Rg4 $17) 27... Qe7) 27. Bc4 {[%mdl 64] Skewer. Accuracy: White = 89%, Black = 35%.} 1-0

[Event "71st MNE-ch 2019"]
[Site "Podgorica"]
[Date "2019.05.20"]
[Round "3.5"]
[White "Vujovic, Savo"]
[Black "Drasko, Milan"]
[Result "1/2-1/2"]
[WhiteElo "1940"]
[BlackElo "2418"]
[Annotator "TA"]
[PlyCount "24"]
[EventDate "2019.05.18"]
[EventType "swiss"]
[EventRounds "9"]
[EventCountry "MNE"]
[SourceTitle "playchess.com"]
[Source "ChessBase"]
[SourceQuality "1"]

{[%evp 17,24,30,39,0,40,37,48,12,36]} 1. e4 e6 2. d4 d5 3. Nc3 Bb4 4. e5 c5 5. a3 Bxc3+ 6. bxc3 Ne7 7. Qg4 O-O 8. Bd3 Nbc6 9. Nf3 f5 10. Qh3 {C18: French: 3 Nc3 Bb4: Main line: 7 h4 and 7 Qg4} (10. exf6 Rxf6 11. Ne5 c4 12. Bg5 Nxe5 13. dxe5 Rf7 14. Bxe7 Rxe7 15. Be2 Qa5 16. Qd4 Bd7 17. h4 Rf8 18. g3 Be8 {½-½ (49) Kryvoruchko,Y (2671)-Vidit,S (2625) Al Ain 2014}) 10... Qc7 11. O-O b6 $146 ({Predecessor:} 11... Ng6 12. Re1 Bd7 13. g4 Nce7 14. Qg2 fxg4 15. Qxg4 Nf5 16. h4 Nge7 17. Kh1 c4 {0-1 (52) Lacombe,M (1580)-Le Bail,C (1938) Calvi 2005}) 12. Kh1 c4 1/2-1/2

[Event "71st MNE-ch 2019"]
[Site "Podgorica"]
[Date "2019.05.20"]
[Round "3.6"]
[White "Pecurica, Milos"]
[Black "Sukovic, Andrej"]
[Result "1/2-1/2"]
[WhiteElo "2365"]
[BlackElo "2221"]
[Annotator "TA"]
[PlyCount "114"]
[EventDate "2019.05.18"]
[EventType "swiss"]
[EventRounds "9"]
[EventCountry "MNE"]
[SourceTitle "playchess.com"]
[Source "ChessBase"]
[SourceQuality "1"]

{[%evp 23,114,22,57,21,70,68,70,66,87,77,125,37,39,19,60,61,122,116,123,129,122,124,244,258,254,264,249,252,333,329,337,333,326,329,318,330,326,311,367,366,447,445,586,522,577,577,552,399,475,475,501,466,939,504,1258,4132,5072,47,47,47,47,47,47,47,47,30,30,8,8,8,5435,8,8,8,8,8,604,8,8,0,8,8,8,0,8,0,0,0,0,0,0,0,0]} 1. d4 Nf6 2. c4 g6 3. Nc3 Bg7 4. e4 d6 5. Be2 O-O 6. Nf3 e5 7. O-O Nc6 8. d5 Ne7 9. b4 a5 10. Ba3 axb4 11. Bxb4 b6 12. a4 Re8 13. Qd3 {E97: King's Indian: Classical Main Line (6...e5 7 0-0 Nc6): 8 Be3 and 8 d5 Ne7, not 9 Ne1} (13. Re1 Bf8 14. Bf1 c5 15. Ba3 Bg7 16. Bb2 Rf8 17. Nb5 Ne8 18. Nd2 f5 19. Bc3 f4 20. a5 bxa5 {½-½ (42) Fressinet,L (2700)-Grischuk,A (2764) Beijing 2012}) 13... Bf8 14. Rfd1 Bb7 15. Nb5 {White is slightly better.} Ba6 {[#]} 16. Nd2 $146 ({Predecessor:} 16. a5 Bxb5 17. cxb5 Nexd5 18. exd5 e4 19. Qc2 exf3 20. Bxf3 bxa5 21. Bxa5 Ra7 22. Bc3 {½-½ (22) Oliva Castaneda,K (2509)-Martinez Duany,L (2517) Villa Clara 2017}) 16... c5 17. dxc6 (17. Bc3 $16) 17... Nxc6 $14 18. Bxd6 Bxb5 19. cxb5 Bxd6 (19... Nb4 $14 20. Bxb4 Qxd3 21. Bxd3 Bxb4) 20. bxc6 $16 Bc5 21. Nb3 Qxd3 22. Bxd3 Rec8 (22... Bd6 $16 23. f3 Bc7) 23. Nxc5 $18 bxc5 {[#]} 24. Bb5 $1 Nxe4 25. Rac1 Ra5 26. f3 Ng5 27. Rxc5 Ne6 28. Rcd5 (28. Rxe5 Rxc6 29. Bxc6 Rxe5 $16) 28... Kg7 29. Kf2 ({Not} 29. Rxe5 Rxc6 30. h3 Rc8 $16) 29... Kf6 30. Rd6 Kg7 31. R1d5 Nd4 32. f4 f6 33. Rd8 Raa8 34. c7 Ne6 35. Rxc8 Rxc8 {[%mdl 4096] Endgame KRB-KRN} 36. Bd7 Nxf4 37. Rc5 ({And not} 37. Bxc8 Nxd5 38. a5 Nxc7 $11) 37... Nd3+ 38. Ke3 Nxc5 39. Bxc8 Nxa4 {KB-KN} 40. Bd7 $2 (40. Ba6 $18 Nb6 41. Ke4) 40... Nb6 $14 41. c8=Q Nxc8 42. Bxc8 {aiming for Ke4. KB-KP} f5 43. Kd3 Kh6 44. Kc4 {Threatens to win with Kd5.} Kg5 45. Kd5 Kf4 $1 46. Ba6 {Black must now prevent Bb5.} h5 $2 {[%mdl 8192] [#]} (46... e4 $11) 47. Bb5 $2 ({Weaker is} 47. g3+ Kf3 $11) ({White has to play} 47. Ke6 $1 $18 {Bc8 is the strong threat.} h4 48. Kf6) 47... h4 $11 48. Be8 g5 49. Bd7 g4 $2 {[%mdl 8192]} (49... e4 $11) 50. Bb5 $2 ({Better is} 50. Bc8 $18 e4 51. Kd4) 50... e4 $1 {The position is equal.} 51. Ke6 e3 {Strongly threatening ...Ke4.} 52. Kf6 {Hoping for Bd3.} h3 (52... Ke4 $5 53. Kg5 $8 h3 $11) 53. gxh3 gxh3 54. Bd3 Kf3 55. Kxf5 Kg2 56. Kf4 Kxh2 57. Kxe3 Kg1 {Accuracy: White = 52%, Black = 44%.} 1/2-1/2

[Event "71st MNE-ch 2019"]
[Site "Podgorica"]
[Date "2019.05.20"]
[Round "3.7"]
[White "Kisic, Bozidar"]
[Black "Lekic, Dusan"]
[Result "1/2-1/2"]
[WhiteElo "2200"]
[BlackElo "2352"]
[Annotator "TA"]
[PlyCount "86"]
[EventDate "2019.05.18"]
[EventType "swiss"]
[EventRounds "9"]
[EventCountry "MNE"]
[SourceTitle "playchess.com"]
[Source "ChessBase"]
[SourceQuality "1"]

{[%evp 15,86,-43,-20,-35,-24,-24,-16,-36,-34,-74,-69,-105,-3,-33,4,-5,16,15,4,-17,-12,-13,-14,-16,0,0,0,0,0,-14,0,0,0,-16,-2,-60,-69,-75,-57,-42,-54,-185,-79,-95,-87,-103,-93,-95,-39,-48,-43,-45,-45,-61,0,-6,0,0,0,0,0,-6,0,0,0,0,0,0,0,0,0,0,0]} 1. d4 Nf6 2. c4 e6 3. Nc3 Bb4 4. a3 Bxc3+ 5. bxc3 c5 6. f3 Nc6 7. e4 d6 8. Be3 Qa5 9. Qd2 {E24: Nimzo-Indian: Sämisch: Unusual Black 5th moves and 5...c5 sidelines} b6 10. d5 (10. Bd3 cxd4 11. cxd4 Qxd2+ 12. Kxd2 Na5 13. Rb1 Ba6 14. c5 Bxd3 15. Kxd3 dxc5 16. dxc5 O-O 17. Nh3 Rfd8+ 18. Ke2 Nc4 19. Rhc1 Nd7 20. Rxc4 {1-0 (20) Schramm,A (2530)-Hagen,T (2426) ICCF email 2014}) 10... Ne5 11. Bf4 O-O $146 ({Predecessor:} 11... Ng6 12. Be3 Ba6 13. dxe6 fxe6 14. Nh3 Ne5 15. Rc1 Ke7 16. Bf4 Rad8 17. Bxe5 dxe5 {½-½ (47) Fistoul,M-Tran,D (1958) Dortmund 2010}) 12. Bxe5 dxe5 13. a4 {[#]} Ba6 ({Black should try} 13... b5 $1 $17 {[%mdl 512] next ...Rd8 is good for Black.} 14. cxb5 (14. axb5 Qxa1+) 14... exd5 15. exd5 Nxd5) 14. Qb2 exd5 (14... Rae8 {seems wilder.} 15. Nh3 Re7 16. Nf2 Ne8 17. dxe6 f6) 15. cxd5 Bxf1 16. Kxf1 Ne8 17. Ne2 f5 18. exf5 Nd6 {Black wants to play ...e4.} 19. Ng3 Nxf5 20. Kf2 c4 21. Nxf5 Rxf5 22. Qe2 Qxc3 23. Rhd1 Qb4 $36 {[%mdl 2048] White is under pressure.} 24. d6 Rd8 25. Qe4 (25. Rac1 $11) 25... Qc5+ $15 26. Qe3 Qc6 27. Rac1 $1 a6 {[%cal Ba7a6,Ba6b5][%mdl 32]} 28. Ke2 {[#]} (28. Qd3 $15 Rf6 29. Rxc4 Qxd6 30. Qxd6 Rfxd6 31. Rb1) 28... b5 ({Weaker is} 28... Rxd6 29. Rxd6 Qxd6 30. Rxc4 $15) ({Not} 28... Qxa4 29. Qxb6 Rff8 30. Qc5 $14) (28... e4 $1 $19 {[%cal Re4f3] is more deadly.} 29. fxe4 Rf6) 29. axb5 axb5 {White must now prevent ...Rf6.} 30. Qe4 {[#]} Qxe4+ $1 31. fxe4 $17 {[%mdl 4096] Endgame KRR-KRR} Rf6 (31... Rf4 $17 32. Ke3 Rf7) 32. Rb1 $1 $15 Rfxd6 33. Rxd6 Rxd6 34. Rxb5 {KR-KR} c3 ({Black should play} 34... Rg6 $15 35. g3 Rh6) 35. Rxe5 $11 {The position is equal.} Rd2+ (35... Rc6 $5 36. Kd1 $8 c2+ 37. Kc1 Kf7 $11) 36. Kf3 $1 c2 37. Rc5 Kf7 38. h3 h5 39. h4 Ke6 40. g3 Kd6 41. Rc8 Ke5 {Threatens to win with ...Kd4.} 42. Ke3 Rg2 43. Kf3 $1 {[%cal Rf3g2]} Rd2 {Accuracy: White = 49%, Black = 44%.} 1/2-1/2

[Event "71st MNE-ch 2019"]
[Site "Podgorica"]
[Date "2019.05.20"]
[Round "3.8"]
[White "Marsenic, Lazar"]
[Black "Musovic, Armin"]
[Result "1/2-1/2"]
[WhiteElo "2047"]
[BlackElo "2297"]
[Annotator "RC"]
[PlyCount "76"]
[EventDate "2019.05.18"]
[EventType "swiss"]
[EventRounds "9"]
[EventCountry "MNE"]
[SourceTitle "playchess.com"]
[Source "ChessBase"]
[SourceQuality "1"]
[TimeControl "40/5400+30:1800+30"]

1. e4 c6 2. d4 d5 3. Nd2 dxe4 4. Nxe4 Nf6 5. Nxf6+ exf6 6. c3 Bd6 7. Bd3 O-O 8. Ne2 Re8 9. O-O Qc7 10. Ng3 Nd7 11. Nf5 Nf8 12. Nxd6 Qxd6 13. Qf3 Be6 14. Bf4 Qd7 15. h3 Bf5 16. Rae1 Ng6 17. Bg3 Bxd3 18. Qxd3 f5 19. f3 f4 20. Bf2 Ne5 21. Qe2 Ng4 22. Qd2 Nxf2 23. Kxf2 g5 24. Rxe8+ Rxe8 25. Re1 Re6 26. Re2 Qd5 27. b3 c5 28. Re4 Rxe4 29. fxe4 Qxe4 30. dxc5 Qf5 31. Qd8+ Kg7 32. Qd4+ Kg6 33. b4 Qc2+ 34. Kf3 f5 35. b5 Qb1 36. Qc4 Qd1+ 37. Kf2 Qd2+ 38. Kg1 Qe1+ 1/2-1/2

[Event "71st MNE-ch 2019"]
[Site "Podgorica"]
[Date "2019.05.20"]
[Round "3.9"]
[White "Kontic, Djordjije"]
[Black "Petrovic, Slavko"]
[Result "1-0"]
[WhiteElo "2264"]
[BlackElo "1945"]
[Annotator "TA"]
[PlyCount "75"]
[EventDate "2019.05.18"]
[EventType "swiss"]
[EventRounds "9"]
[EventCountry "MNE"]
[SourceTitle "playchess.com"]
[Source "ChessBase"]
[SourceQuality "1"]

{[%evp 12,75,14,17,143,127,195,212,204,164,300,278,299,198,203,202,215,208,223,195,195,162,163,116,131,126,127,92,98,71,120,60,60,62,51,58,52,89,76,83,221,209,191,191,179,181,225,221,217,225,268,297,287,275,333,325,309,305,425,363,437,425,454,397,450,431]} 1. e4 c5 2. Ne2 Nc6 3. Nbc3 e6 4. g3 d5 5. exd5 exd5 6. Bg2 Nf6 7. d4 c4 {B24: Closed Sicilian: 3 g3 sidelines} (7... cxd4 $11 8. Nxd4 Qb6 9. Qe2+ Be7) (7... Bg4 8. Be3 cxd4 9. Bxd4 Be7 10. O-O O-O 11. h3 Bxe2 12. Nxe2 Nxd4 13. Qxd4 Rc8 14. c3 Bc5 15. Qd3 Qb6 16. Rab1 Rfe8 17. Nf4 Rcd8 18. Nxd5 Nxd5 19. Bxd5 {1-0 (30) Hou,Y (2673)-Muzychuk,A (2545) Beijing 2014}) 8. Bg5 $16 Bb4 (8... Be6 $16) 9. O-O $18 Be6 {White is clearly better.} 10. Bxf6 gxf6 (10... Qxf6 $142 11. Nxd5 Bxd5) 11. Nf4 Bxc3 12. bxc3 Qd7 13. Qh5 $146 ({Predecessor:} 13. Nh5 O-O-O 14. Nxf6 Qe7 15. Nh5 {1-0 (50) Pesztericz,L (2257)-Hoffmann,U (2230) Germany 2004}) 13... O-O-O 14. Qh6 f5 15. Rfb1 Ne7 16. a4 Ng6 17. Rb5 {[#] aiming for Nxd5.} Nxf4 18. Qxf4 {Rc5+ is the strong threat.} Qd6 19. Qf3 Rd7 20. Rab1 Rc7 21. R1b4 ({Better is} 21. Bh3 $16) 21... h5 $14 22. h4 $36 {[%mdl 2048] White has the initiative.} f4 $1 23. Qxf4 Qxf4 24. gxf4 Rg8 {Threatens to win with ...Bh3.} 25. Kf1 Bd7 (25... Rg4 $16) 26. Rxd5 $18 Rxg2 {[#]} 27. Rxd7 $1 (27. Kxg2 $2 {perishes.} Bc6 $19) 27... Rg4 28. Rxc7+ Kxc7 29. Rxc4+ {[%mdl 4096] Endgame KR-KR} Kd7 30. Rb4 Kc7 31. Rb5 Rxh4 32. Rf5 f6 33. Kg2 ({Resist} 33. Rxf6 Rh3 $18) 33... Rg4+ 34. Kf3 Rh4 35. Ke4 Rh3 36. c4 h4 37. Kd5 Ra3 38. Rxf6 {Accuracy: White = 67%, Black = 49%.} 1-0

[Event "71st MNE-ch 2019"]
[Site "Podgorica"]
[Date "2019.05.20"]
[Round "3.11"]
[White "Ljeskovic, Luka"]
[Black "Popadic, Dragan"]
[Result "1/2-1/2"]
[WhiteElo "1710"]
[BlackElo "2198"]
[Annotator "TA"]
[PlyCount "58"]
[EventDate "2019.05.18"]
[EventType "swiss"]
[EventRounds "9"]
[EventCountry "MNE"]
[SourceTitle "playchess.com"]
[Source "ChessBase"]
[SourceQuality "1"]

{[%evp 34,58,77,65,63,63,126,117,123,70,97,133,177,174,135,132,166,166,346,346,356,343,395,368,369,377,382]} 1. e4 c5 2. Nf3 Nc6 3. d4 cxd4 4. Nxd4 Nf6 5. Nc3 e5 6. Ndb5 d6 7. Bg5 a6 8. Na3 b5 9. Bxf6 gxf6 10. Nd5 Bg7 11. Bd3 Ne7 12. Nxe7 Qxe7 13. O-O O-O 14. c4 f5 15. Qh5 Rb8 16. exf5 e4 17. Rae1 Bb7 18. Qg4 {[%cal Rd3e4]} Rfe8 {B33: Sicilian: Pelikan and Sveshnikov Variations} 19. cxb5 d5 (19... axb5 $14 20. Bxb5 Red8) 20. bxa6 $16 Bc6 {White is better.} 21. b3 ({White should try} 21. Be2 $16) 21... Kh8 22. Nc2 Rg8 (22... Bc3 23. Qh3 Qf6 24. Be2 d4 25. Bc4 Rg8 26. g3 Rbe8 27. Rd1 e3 28. fxe3 dxe3 29. Be2 Re4 30. Qg2 Re7 31. Qh3 Re4 32. Qg2 Re7 33. Qh3 {½-½ (33) Shirov,A (2723)-Carlsen,M (2810) Wijk aan Zee 2010}) 23. Be2 Bc3 24. Qf4 Be5 $146 ({Predecessor:} 24... Qf6 25. Rd1 d4 26. Bc4 {1-0 (45) Kraljevic,I (2103)-Popadic,D (2176) Niksic 2016}) 25. Qh6 (25. f6 $6 Qd6 $14) 25... d4 $2 {[#]} (25... Ba8 26. Rd1 Qc5) 26. Nxd4 $18 ({But not} 26. Qxc6 $2 Rxg2+ 27. Kxg2 Qh4 $19) 26... Bxd4 27. Qxc6 e3 28. f4 Rbc8 29. Qf3 Rc2 {[%mdl 32768] An unexpected result.} 1/2-1/2

[Event "71st MNE-ch 2019"]
[Site "Podgorica"]
[Date "2019.05.20"]
[Round "3.12"]
[White "Bacic, Kristina"]
[Black "Tomic, Aleksandar"]
[Result "0-1"]
[WhiteElo "1819"]
[BlackElo "2357"]
[Annotator "TA"]
[PlyCount "92"]
[EventDate "2019.05.18"]
[EventType "swiss"]
[EventRounds "9"]
[EventCountry "MNE"]
[SourceTitle "playchess.com"]
[Source "ChessBase"]
[SourceQuality "1"]

{[%evp 10,98,10,2,11,-22,0,-3,24,18,27,22,14,14,39,22,21,26,31,10,0,11,16,2,19,5,24,0,0,-4,0,0,0,0,0,0,0,0,5,0,14,8,15,8,17,8,9,16,10,16,34,0,0,-32,0,0,0,-29972,-29972,-29972,-29973,-29973,-29975,-29975,-29976,-29975,-29975,-29976,-29974,-29981,-29981,-29986,-29987,-29987,-29988,-29988,-29989,-29989,-29990,-29990,-29991,-29991,-29991,-29993,-29994,-29994,-29995,-29995,-29996,-29997,-29998]} 1. Nf3 c5 2. g3 g6 3. Bg2 Bg7 4. c3 Nf6 5. O-O O-O 6. d4 cxd4 {A49: 1 d4 Nf6 2 Nf3 g6 3 g3: Anti-King's Indian systems} 7. Nxd4 d5 8. Bg5 h6 {The position is equal.} 9. Bxf6 $1 Bxf6 10. Nb3 $146 ({Predecessor:} 10. Qb3 e6 11. Na3 Nd7 12. Rad1 Nc5 13. Qc2 Qe7 14. Nb3 {0-1 (53) Wallhof,D (2112)-Ruck,R (2556) Bad Woerishofen 2004}) 10... e6 11. e4 Qb6 12. Qf3 Kg7 13. exd5 a5 {next ...a4 is good for Black.} 14. Qe3 Qxe3 15. fxe3 exd5 16. Bxd5 a4 17. Nd4 Ra5 18. e4 Nd7 19. Na3 Nb6 20. Nab5 Bd7 21. c4 $1 a3 22. b4 Rxb5 23. Nxb5 {[#] Black must now prevent Rab1.} Bxa1 (23... Nxd5 {feels hotter.} 24. exd5 Bxb5 25. cxb5 Bd4+ 26. Kh1 Bxa1 27. Rxa1 Kf6) 24. Rxa1 {And now Nd6 would win.} Bxb5 25. cxb5 Nxd5 26. exd5 $11 {[%mdl 4096] Endgame KR-KR} Rd8 27. Rd1 Kf6 28. Rd3 Ke5 29. Rxa3 Rxd5 30. Ra5 Ke4 31. Ra3 Rd3 32. Rxd3 Kxd3 {KP-KP} 33. a3 $2 {[%mdl 8192] [#]} (33. b6 $11) 33... Kc4 {Black mates.} 34. Kf2 Kb3 35. Ke3 Kxa3 36. Kd4 Kxb4 37. b6 Kb5 38. Ke5 Kxb6 39. Kf6 Kc5 40. Kxf7 b5 41. Kxg6 b4 42. Kxh6 {KPP-KP} b3 43. g4 b2 44. g5 b1=Q 45. h4 Kd5 46. h5 Ke6 0-1

[Event "71st MNE-ch 2019"]
[Site "Podgorica"]
[Date "2019.05.20"]
[Round "3.13"]
[White "Abramovic, Dragoljub"]
[Black "Djurovic, Peko"]
[Result "1/2-1/2"]
[WhiteElo "2063"]
[BlackElo "1898"]
[Annotator "NA RC"]
[PlyCount "142"]
[EventDate "2019.05.18"]
[EventType "swiss"]
[EventRounds "9"]
[EventCountry "MNE"]
[SourceTitle "playchess.com"]
[Source "ChessBase"]
[SourceQuality "1"]
[TimeControl "40/5400+30:1800+30"]

1. Nf3 d5 2. b3 Nf6 3. Bb2 Bf5 4. Nh4 Bg6 5. g3 Nbd7 6. Bg2 e6 7. O-O Be7 8. f4 Be4 9. d3 Bxg2 10. Nxg2 h5 11. Nd2 h4 12. e3 hxg3 13. hxg3 c6 14. g4 Qb6 15. Bd4 Bc5 16. c3 O-O-O 17. g5 Nh5 18. Qg4 Bxd4 19. exd4 g6 20. a4 Ng7 21. a5 Qb5 22. Qe2 Nf5 23. Rf3 Rh7 24. b4 Rdh8 25. Nf1 Kd8 26. Ra2 Ke7 27. Ra1 c5 28. bxc5 Rh1+ 29. Kf2 Nxc5 30. dxc5 Qxc5+ 31. d4 Nxd4 32. Qe3 Nb3 33. Qxc5+ Nxc5 34. Rb1 Kd7 35. Ke2 Kc6 36. Nge3 Ne4 37. Ng4 b6 38. Ne5+ Kc5 39. Nd3+ Kc6 40. Ne5+ Kc5 41. axb6 axb6 42. Nd7+ Kc6 43. Ne5+ Kc5 44. Nd3+ Kc6 45. Nf2 Nxf2 46. Kxf2 Ra8 47. Kg2 Rhh8 48. Ne3 Rh4 49. Kg3 Rah8 50. Rg1 Kc5 51. Kf2 Rh3 52. Rxh3 Rxh3 53. Ra1 d4 54. cxd4+ Kxd4 55. Ra4+ Kc5 56. Ra7 Rh7 57. Kf3 b5 58. Ke4 f5+ 59. gxf6 Rxa7 60. Ke5 b4 61. Kxe6 b3 62. Nd1 Kd4 63. f7 Ra8 64. Kf6 Kd5 65. Kxg6 Ke6 66. f5+ Ke7 67. Kg7 Rb8 68. Nb2 Rc8 69. Nd3 Kd6 70. f8=Q+ Rxf8 71. Kxf8 b2 1/2-1/2

[Event "71st MNE-ch 2019"]
[Site "Podgorica"]
[Date "2019.05.20"]
[Round "3.14"]
[White "Miletic, Vuk"]
[Black "Pobor, Milo"]
[Result "1/2-1/2"]
[WhiteElo "1954"]
[BlackElo "1960"]
[Annotator "NA RC"]
[PlyCount "131"]
[EventDate "2019.05.18"]
[EventType "swiss"]
[EventRounds "9"]
[EventCountry "MNE"]
[SourceTitle "playchess.com"]
[Source "ChessBase"]
[SourceQuality "1"]
[TimeControl "40/5400+30:1800+30"]

1. d4 c5 2. d5 Nf6 3. Nc3 g6 4. e4 d6 5. Bb5+ Bd7 6. a4 Bg7 7. Nf3 O-O 8. O-O a6 9. Be2 Bg4 10. Nd2 Bxe2 11. Qxe2 Nbd7 12. Nc4 Nb6 13. Nxb6 Qxb6 14. a5 Qc7 15. Nb1 Nd7 16. Nd2 Rfe8 17. Nc4 b6 18. axb6 Nxb6 19. Nxb6 Qxb6 20. Qc4 Qb4 21. Ra4 Qxc4 22. Rxc4 Reb8 23. c3 Kf8 24. Re1 e6 25. dxe6 fxe6 26. Rd1 Rb6 27. Kf1 a5 28. Ra4 Ke7 29. Ke2 Kd7 30. Kd3 d5 31. Kc2 d4 32. e5 Bxe5 33. Be3 Rab8 34. b4 axb4 35. cxd4 cxd4 36. Bxd4 Rd6 37. Ra7+ Ke8 38. Bxe5 Rc8+ 39. Kb3 Rxd1 40. Kxb4 Rd2 41. f3 Rd7 42. Ra6 Kf7 43. Rb6 g5 44. g4 Rc1 45. Ka3 Rc5 46. Bb2 Rcc7 47. Be5 Ra7+ 48. Kb2 Rab7 49. Rxb7 Rxb7+ 50. Kc3 Rd7 51. Bd4 Kg6 52. Bf2 Rf7 53. Bg3 Rxf3+ 54. Kd4 Rxg3 55. hxg3 Kf6 56. Ke4 e5 57. Kd5 h6 58. Kc4 Ke6 59. Kc5 Ke7 60. Kd5 Kf6 61. Kc4 Kg6 62. Kd5 h5 63. Kxe5 hxg4 64. Ke6 Kh6 65. Kf6 Kh5 66. Kg7 1/2-1/2

[Event "71st MNE-ch 2019"]
[Site "Podgorica"]
[Date "2019.05.20"]
[Round "3.15"]
[White "Koljevic, Nikolina"]
[Black "Rakic, Tijana"]
[Result "1-0"]
[WhiteElo "1964"]
[BlackElo "1579"]
[Annotator "NA RC"]
[PlyCount "81"]
[EventDate "2019.05.18"]
[EventType "swiss"]
[EventRounds "9"]
[EventCountry "MNE"]
[SourceTitle "playchess.com"]
[Source "ChessBase"]
[SourceQuality "1"]
[TimeControl "40/5400+30:1800+30"]

1. e4 e5 2. Nf3 Nf6 3. Nxe5 d6 4. Nf3 Nxe4 5. Nc3 Nxc3 6. dxc3 Be7 7. Be3 Nc6 8. Qd2 Be6 9. O-O-O a5 10. a3 O-O 11. h4 Ne5 12. Be2 Ng4 13. Nd4 Nxe3 14. Qxe3 Bd7 15. Bd3 Re8 16. Qg3 Bf6 17. Kb1 c6 18. Nf3 Qb6 19. Kc1 Qc5 20. Ng5 Bf5 21. Bxf5 Qxf5 22. Qd3 Bxg5+ 23. hxg5 Qxg5+ 24. Kb1 h6 25. Qf3 d5 26. Rd4 Qe5 27. Rg4 Re6 28. Rf4 Qc7 29. Rd1 Rae8 30. Rfd4 Rf6 31. Qd3 Rxf2 32. c4 Ree2 33. Rc1 Rxg2 34. cxd5 cxd5 35. Rxd5 Re8 36. Rf1 Rc8 37. Rc1 Rg6 38. Rd7 Qb6 39. Rxf7 Rxc2 40. Rxc2 Rg1+ 41. Rf1 1-0